| 000 | 00612nam a2200217 a 4500 | ||
|---|---|---|---|
| 001 | 62468 | ||
| 003 | BD-RjUL | ||
| 005 | 20211209081105.0 | ||
| 008 | 170124s1988 bg ||||| |||| 00| 0 eng d | ||
| 035 | _a(BD-RjUL)62594 | ||
| 040 |
_aBD-RjUL _beng _cBD-RjUL |
||
| 041 | _aeng | ||
| 082 |
_223 _a781.754 _bKHM 1988 |
||
| 100 |
_aKhan, Mobarak Hossain. _9185750 |
||
| 245 |
_aMusic and its study / _cMobarak Hossain Khan. |
||
| 260 |
_aDhaka : _bAcademic Publishers, _cc1988. |
||
| 300 |
_a116 p. : _bill. ; _c22 cm. |
||
| 650 |
_aMusic _zIndia. _9185751 |
||
| 650 |
_aMusic appreciation _9185752 |
||
| 942 |
_2ddc _cBK |
||
| 999 |
_c62468 _d62468 |
||